| 000 | 00393nam a2200109Ia 4500 | ||
|---|---|---|---|
| 008 | 160909s9999 xx 000 0 und d | ||
| 100 | _aBuemi, Samuel J. | ||
| 245 | 4 | _aThe predictive value of committed relationships and confidence on self-perceived mate value | |
| 260 |
_bCapella University. _c2016 |
||
| 650 | _aPSYCHOLOGY | ||
| 856 | _uhttp://pqdtopen.proquest.com/doc/1775500405.html?FMT=ABS | ||
| 999 |
_c304048 _d304048 |
||